000 00623nam a2200181 i 4500
001 bg
100 1 _aGRZĘDZIŃSKI, Janusz
245 0 _aIteracyjna metoda wyznaczania prędkości flatteru za pomocą pewnej funkcji jednej zmiennej /
_cJanusz Grzędziński.
260 _aWarszawa :
_bIPPT,
_c1980.
300 _a24 s.
490 1 _aPrace Instytutu Podstawowych Problemów Techniki Polskiej Akademii Nauk ;
_v18
830 _aPrace Instytutu Podstawowych Problemów Techniki Polskiej Akademii Nauk ;
040 _cBPK
041 _apol
080 _a536.6
942 _cKS
008 s pl f |000 0 pol
999 _c20845
_d20845
856 _uhttp://koha.tu.koszalin.pl/cgi-bin/koha/opac-detail.pl?biblionumber=20845
_yKatalog online BPK